| 000 | 00637nam a2200229 u 4500 | ||
|---|---|---|---|
| 005 | 20240924070538.0 | ||
| 008 | 090825s2002 r 000 0 eng d | ||
| 020 | _a8496089010 | ||
| 035 | _aUPN01000172033 | ||
| 049 | _aCG | ||
| 050 | 4 |
_aJZ1318 _bG6.6 |
|
| 100 | 1 | _aGociol, Gudith | |
| 245 | 1 | 0 |
_aNaomi Klein y el fin de las marcas / _cJudith Gociol. |
| 260 |
_aMadrid : _bCampo de ideas, _c2002. |
||
| 300 | _a128 p. | ||
| 440 | 0 | _aIntelectuales | |
| 650 | 4 |
_aGlobalización _95377 |
|
| 600 | 1 | 4 |
_aKLEIN, NAOMI, _d1970- |
| 650 | 4 |
_aMARCAS REGISTRADAS _96239 |
|
| 650 | 2 |
_aCapitalismo _xAspectos sociales _96499 |
|
| 905 | _aLibro | ||
| 999 |
_c144137 _d144137 |
||